<?xml version="1.0" encoding="UTF-8"?>
<marc:record xmlns:marc="http://www.loc.gov/MARC21/slim">
   <marc:leader>00000nam a2200000 a 4500</marc:leader>
   <marc:datafield ind1="1" ind2=" " tag="100">
      <marc:subfield code="a">Tomforde, Liz</marc:subfield>
      <marc:subfield code="4">aut</marc:subfield>
      <marc:subfield code="e">Verfasser/-in</marc:subfield>
   </marc:datafield>
   <marc:datafield ind1="0" ind2="0" tag="245">
      <marc:subfield code="a">In Her Own League</marc:subfield>
   </marc:datafield>
   <marc:datafield ind1=" " ind2="1" tag="264">
      <marc:subfield code="b">Blanvalet</marc:subfield>
      <marc:subfield code="c">2026</marc:subfield>
   </marc:datafield>
   <marc:datafield ind1="1" ind2=" " tag="490">
      <marc:subfield code="a">Windy City-Reihe</marc:subfield>
   </marc:datafield>
   <marc:datafield ind1="1" ind2=" " tag="520">
      <marc:subfield code="a">Als erste weibliche Teambesitzerin einer Profi-Baseballmannschaft darf Reese Remington sich keine Fehler erlauben. Die Öffentlichkeit - vor allem ihre männliche Konkurrenz - beäugt sie ohnehin schon kritisch. Auch Cheftrainer Emmett Montgomery ist nicht begeistert von der Neubesetzung. Er hat das Team jahrelang auf seine Weise geführt. Doch auf langen Busfahrten, in Hotelbars und im Schein des Flutlichts weichen die anfänglichen Machtkämpfe der beiden bald tiefen, vielsagenden Blicken. Es knistert heftig - und plötzlich steht viel mehr auf dem Spiel als eine perfekte Saison.</marc:subfield>
   </marc:datafield>
   <marc:datafield ind1=" " ind2=" " tag="020">
      <marc:subfield code="a">9783734115639</marc:subfield>
      <marc:subfield code="9">9783734115639</marc:subfield>
   </marc:datafield>
</marc:record>
